000 00583nam a2200181Ia 4500
008 100920s9999 xx 000 0 und d
082 _b78921
_a24 न 01
100 _aकाळे वैजयंती.
245 _aसवतीचा टाक.
260 _bनंदादीप बुक सर्व्हिसेस्र, सोलापूर.
_c2001
300 _a232
_bसाधी
365 _b190
520 _aसायो.
630 _aसवतीचा टाक.
650 _aसायो.
730 _aसवतीचा टाक.
942 _cBOOK
999 _c720045
_d720042